000 00497nam a2200181Ia 4500
008 090123s9999 xx 000 0 und d
082 _b8674
100 _aपाध्ये भाऊ
245 _aथालिपीठ
250 _a1
260 _bडिंपल प्रकाशन
_c1984
300 _a183
600 _aपाध्ये भाऊ
630 _aथालिपीठ
700 _aपाध्ये भाऊ
730 _aथालिपीठ
942 _cBOOK
999 _c46739
_d46739